[Event "Goldmoney Asian Prelim"]
[Site "chess24.com INT"]
[Date "2021.06.28"]
[Round "13.6"]
[White "Giri, Anish"]
[Black "Ding, Liren"]
[Result "1/2-1/2"]
[WhiteTitle "GM"]
[BlackTitle "GM"]
[WhiteElo "2780"]
[BlackElo "2799"]
[WhiteFideId "24116068"]
[BlackFideId "8603677"]
[EventDate "2021.06.26"]

1. d4 Nf6 2. c4 e6 3. Nf3 d5 4. Nc3 Bb4 5. Bg5 h6 6. Bxf6 Qxf6 7. e3 O-O 8. Rc1
dxc4 9. Bxc4 c5 10. O-O cxd4 11. Nxd4 Bd7 12. Qb3 Nc6 13. Nxc6 Bxc3 14. Qxc3
Bxc6 15. Qxf6 gxf6 16. Rfd1 Rfd8 17. f3 f5 18. Kf2 Kg7 19. Be2 Kf6 20. Rxd8 Rxd8
21. Rd1 Rxd1 22. Bxd1 b6 23. a3 a5 24. g3 Bd5 25. Ke1 Bc6 26. Kd2 Ke5 27. Kc3
Kd6 28. Be2 Kc5 29. b4+ axb4+ 30. axb4+ Kd6 31. f4 f6 32. Bc4 Bf3 33. Bb3 Bc6
34. Kd4 Be4 35. Kc3 Bc6 36. Kd4 Be4 37. Kc3 Bc6 1/2-1/2

[Event "Goldmoney Asian Prelim"]
[Site "chess24.com INT"]
[Date "2021.06.28"]
[Round "14.1"]
[White "Aronian, Levon"]
[Black "Artemiev, Vladislav"]
[Result "1/2-1/2"]
[WhiteTitle "GM"]
[BlackTitle "GM"]
[WhiteElo "2781"]
[BlackElo "2704"]
[WhiteFideId "13300474"]
[BlackFideId "24101605"]
[EventDate "2021.06.26"]

1. d4 d5 2. c4 c6 3. Nf3 Nf6 4. Nc3 e6 5. e3 Nbd7 6. Qc2 Bd6 7. Bd3 e5 8. cxd5
cxd5 9. Nb5 Bb8 10. dxe5 Nxe5 11. Nxe5 Bxe5 12. Bd2 O-O 13. O-O Bd7 14. Bc3 Qe7
15. Bxe5 Qxe5 16. Nd4 Rac8 17. Qb3 Rc7 18. Rfc1 Rfc8 19. Rxc7 Rxc7 20. h3 h6 21.
Qd1 Rc5 22. Rc1 Qc7 23. Rxc5 Qxc5 24. Qc2 b6 25. a3 Kf8 26. Kf1 g6 27. Ke2 Ke7
28. Kd2 Ne8 29. Qc3 Kd6 30. h4 Nc7 31. f4 Qxc3+ 32. Kxc3 Bg4 33. b4 Bd7 34. Be2
Ne8 35. g4 Nf6 36. g5 hxg5 37. hxg5 Ne4+ 38. Kd3 Nf2+ 39. Kc2 Ba4+ 40. Kb2 Ne4
41. Bb5 Bxb5 42. Nxb5+ Kd7 43. Nxa7 Nd6 44. Kc3 Nc4 45. e4 Nxa3 46. exd5 Kd6 47.
Kb3 Nb1 48. Nb5+ Kxd5 49. Kc2 Kc6 50. Na7+ Kb7 51. Kxb1 Kxa7 52. b5 Kb7 53. Kc2
Kc7 54. Kd3 Kd7 55. Ke4 Ke6 56. f5+ Kd6 57. fxg6 fxg6 58. Kd4 Ke6 59. Ke4 Kd6
60. Kd4 Ke6 61. Ke4 Kd6 1/2-1/2

[Event "Goldmoney Asian Prelim"]
[Site "chess24.com INT"]
[Date "2021.06.28"]
[Round "14.6"]
[White "Vidit, Santosh Gujrathi"]
[Black "Salem, A.R. Saleh"]
[Result "1/2-1/2"]
[WhiteTitle "GM"]
[BlackTitle "GM"]
[WhiteElo "2726"]
[BlackElo "2682"]
[WhiteFideId "5029465"]
[BlackFideId "9301348"]
[EventDate "2021.06.26"]

1. d4 d5 2. c4 e6 3. Nc3 Nf6 4. cxd5 exd5 5. Bg5 Be7 6. e3 O-O 7. Bd3 h6 8. Bh4
c6 9. Qc2 Re8 10. Nge2 Nbd7 11. O-O Nh5 12. Bxe7 Qxe7 13. Rae1 Nf8 14. Nc1 Bd7
15. f3 Rad8 16. Qd2 Bc8 17. a3 Ne6 18. b4 b6 19. Nb3 Nf6 20. Kh1 h5 21. Qf2 c5
22. bxc5 bxc5 23. dxc5 Nxc5 24. Nxc5 Qxc5 25. Nb5 a6 26. Nd4 Qxa3 27. Qd2 Qd6
28. Ra1 h4 29. Qf2 Re5 30. Qxh4 Rxe3 31. Bxa6 Bxa6 32. Nf5 Qe6 33. Qg5 g6 34.
Nxe3 Bxf1 35. Rxf1 Rc8 36. Qf4 Rc3 37. Re1 Rc4 38. Qg3 Rc8 39. Ng4 Qb6 40. Qf2
Qxf2 41. Nxf2 Rc2 42. Kg1 Kf8 43. Nd3 Rd2 44. Nf2 Rc2 45. Kf1 d4 46. Rd1 Nd5 47.
Ng4 Nf4 48. g3 Ne6 49. h4 Ke7 50. Ne5 Kf6 51. Ng4+ Ke7 52. Ne5 Kf6 53. Ng4+ Kg7
54. Ne5 Kf6 1/2-1/2

[Event "Goldmoney Asian Prelim"]
[Site "chess24.com INT"]
[Date "2021.06.28"]
[Round "14.8"]
[White "Hou, Yifan"]
[Black "So, Wesley"]
[Result "1/2-1/2"]
[WhiteTitle "GM"]
[BlackTitle "GM"]
[WhiteElo "2658"]
[BlackElo "2770"]
[WhiteFideId "8602980"]
[BlackFideId "5202213"]
[EventDate "2021.06.26"]

1. e4 e5 2. Nf3 Nc6 3. Bb5 Nf6 4. O-O Nxe4 5. Re1 Nd6 6. Nxe5 Be7 7. Bf1 Nxe5 8.
Rxe5 O-O 9. d4 Bf6 10. Re1 Re8 11. c3 Rxe1 12. Qxe1 Ne8 13. Nd2 d5 14. Nf3 g6
15. Bd3 Ng7 16. h3 c6 17. Bf4 Bf5 18. Bxf5 Nxf5 19. Qe2 Ng7 20. Re1 Qa5 21. a3
Re8 22. Be5 Bxe5 23. dxe5 Ne6 24. Qd2 Rd8 25. Ng5 Nxg5 26. Qxg5 Re8 27. Re3 Qd8
28. h4 h5 29. Qf4 c5 30. Rd3 Qd7 31. Qg5 d4 32. cxd4 cxd4 33. Qf6 Qd5 34. Qf4
Qxe5 35. Qxe5 Rxe5 36. Rxd4 Re1+ 37. Kh2 Re2 38. Rb4 Rxf2 39. Rxb7 a5 40. b4
axb4 41. Rxb4 Kg7 42. a4 Ra2 43. Kg3 f6 44. Rb7+ Kh6 45. Rb4 Ra3+ 46. Kf2 Ra2+
47. Kg3 Ra3+ 48. Kf2 Ra2+ 49. Kg3 1/2-1/2

[Event "Goldmoney Asian Prelim"]
[Site "chess24.com INT"]
[Date "2021.06.28"]
[Round "15.2"]
[White "Svidler, Peter"]
[Black "Hou, Yifan"]
[Result "1-0"]
[WhiteTitle "GM"]
[BlackTitle "GM"]
[WhiteElo "2714"]
[BlackElo "2658"]
[WhiteFideId "4102142"]
[BlackFideId "8602980"]
[EventDate "2021.06.26"]

1. e4 c5 2. Nf3 d6 3. d4 cxd4 4. Nxd4 Nf6 5. Nc3 a6 6. b3 e6 7. Bb2 Be7 8. Qd2
Qc7 9. O-O-O b5 10. Bxb5+ axb5 11. Ndxb5 Qb6 12. Nxd6+ Bxd6 13. Qxd6 Nc6 14. Nd5
exd5 15. exd5 Nxd5 16. Rhe1+ Be6 17. Rxd5 Qb7 18. Rc5 Ra6 19. Rd1 Qa8 20. Bxg7
Ne7 21. Qd4 Rg8 22. Bf6 Nd5 23. a4 Nxf6 24. Qxf6 Bxb3 25. Rd6 Rxd6 26. Qxd6 Be6
27. Rb5 Qd8 28. Rb8 Bc8 29. Qe5+ Kf8 30. a5 Rxg2 31. Qc5+ Kg7 32. Rxc8 Rg1+ 33.
Kb2 Qd1 34. Qf8+ Kg6 35. Rc6+ Kg5 36. Qg7+ Kf5 37. Qxf7+ 1-0

[Event "Goldmoney Asian Prelim"]
[Site "chess24.com INT"]
[Date "2021.06.28"]
[Round "15.4"]
[White "Carlsen, Magnus"]
[Black "Vidit, Santosh Gujrathi"]
[Result "1-0"]
[WhiteTitle "GM"]
[BlackTitle "GM"]
[WhiteElo "2847"]
[BlackElo "2726"]
[WhiteFideId "1503014"]
[BlackFideId "5029465"]
[EventDate "2021.06.26"]

1. d4 Nf6 2. c4 e6 3. Nf3 d5 4. Nc3 c5 5. cxd5 cxd4 6. Qxd4 exd5 7. e4 dxe4 8.
Qxd8+ Kxd8 9. Ng5 Be6 10. Nxe6+ fxe6 11. Bg5 Nc6 12. O-O-O+ Ke8 13. Bb5 Rc8 14.
Kb1 Bb4 15. Bxf6 gxf6 16. Nxe4 f5 17. Ng5 Ke7 18. a3 Ba5 19. f4 h6 20. Nf3 Rhd8
21. Rxd8 Nxd8 22. Rd1 Rc7 23. Ne5 Nf7 24. Nc4 Bb6 25. Nxb6 axb6 26. Be2 Nd6 27.
Rd3 Rc8 28. Rb3 Rg8 29. g3 h5 30. Rxb6 h4 31. Rb3 hxg3 32. hxg3 Kd7 33. Kc2 Kc7
34. Rc3+ Kb6 35. Re3 Kc7 36. Bd3 Kd7 37. Kc3 Rh8 38. a4 Rc8+ 39. Kd4 b6 40. b4
Ra8 41. Bc2 Rc8 42. Bb3 Ne4 43. Ke5 Rc6 44. Rd3+ Ke7 45. Kd4 Rd6+ 46. Ke3 Rxd3+
47. Kxd3 Nxg3 48. a5 bxa5 49. bxa5 Kd6 50. a6 Kc7 51. Bxe6 Kb6 52. Bc4 Nh5 53.
Ke3 Ka7 54. Be2 Ng3 55. Bf3 Nf1+ 56. Ke2 Nh2 57. Bh5 Kxa6 58. Kf2 Kb6 59. Kg2
Ng4 60. Bxg4 fxg4 61. Kg3 Kc7 62. Kxg4 Kd6 63. Kf5 Ke7 64. Kg6 Kf8 65. Kf6 Kg8
66. Ke7 1-0

[Event "Goldmoney Asian Prelim"]
[Site "chess24.com INT"]
[Date "2021.06.28"]
[Round "15.8"]
[White "Artemiev, Vladislav"]
[Black "Adhiban, Baskaran"]
[Result "1-0"]
[WhiteTitle "GM"]
[BlackTitle "GM"]
[WhiteElo "2704"]
[BlackElo "2660"]
[WhiteFideId "24101605"]
[BlackFideId "5018471"]
[EventDate "2021.06.26"]

1. Nf3 Nf6 2. g3 g6 3. Bg2 Bg7 4. d4 O-O 5. O-O d6 6. Nc3 Nbd7 7. a4 c6 8. a5
Qc7 9. Qd3 e5 10. dxe5 Nxe5 11. Nxe5 dxe5 12. a6 Bf5 13. e4 Be6 14. axb7 Qxb7
15. Rd1 h5 16. Be3 Nd7 17. b3 Rfc8 18. Qa6 Qc7 19. Qa5 Qb8 20. Na4 h4 21. Nc5
Nxc5 22. Bxc5 h3 23. Bf1 Qc7 24. Qxc7 Rxc7 25. f3 Bf8 26. Ra5 Rcc8 27. Bxf8 Kxf8
28. Rxe5 Rd8 29. Rxd8+ Rxd8 30. Rc5 Rd6 31. Kf2 Ke7 32. Be2 Bc8 33. e5 Rd2 34.
Ke3 Rd7 35. Rxc6 Bb7 36. Rc5 Ke6 37. Bc4+ Ke7 38. Bb5 1-0